Hard Verses...And how to understand them / (Record no. 5548)

MARC details
000 -LEADER
fixed length control field 00534nam a22001937a 4500
003 - CONTROL NUMBER IDENTIFIER
control field GBCCL
005 - DATE AND TIME OF LATEST TRANSACTION
control field 20241126110544.0
008 - FIXED-LENGTH DATA ELEMENTS--GENERAL INFORMATION
fixed length control field 180327b ||||| |||| 00| 0 eng d
020 ## - INTERNATIONAL STANDARD BOOK NUMBER
International Standard Book Number 0919586376
040 ## - CATALOGING SOURCE
Transcribing agency gbc
082 ## - DEWEY DECIMAL CLASSIFICATION NUMBER
Classification number 225.07
Item number HAR
100 ## - MAIN ENTRY--PERSONAL NAME
Personal name Harlow, R.E.
9 (RLIN) 7390
245 ## - TITLE STATEMENT
Title Hard Verses...And how to understand them /
Statement of responsibility, etc. R.E. Harlow
250 ## - EDITION STATEMENT
Edition statement 2nd Impression
260 ## - PUBLICATION, DISTRIBUTION, ETC.
Place of publication, distribution, etc. Canada:
Name of publisher, distributor, etc. Everyday Publications Inc.,
Date of publication, distribution, etc. 1976
300 ## - PHYSICAL DESCRIPTION
Extent 80 p.;
Dimensions 21 cm.
650 ## - SUBJECT ADDED ENTRY--TOPICAL TERM
Topical term or geographic name entry element Bible
Form subdivision New Testament
General subdivision Study
9 (RLIN) 10016
942 ## - ADDED ENTRY ELEMENTS (KOHA)
Source of classification or shelving scheme Dewey Decimal Classification
Koha item type Books
Koha issues (borrowed), all copies 1
Holdings
Withdrawn status Lost status Source of classification or shelving scheme Damaged status Not for loan Home library Current Library Shelving location Date acquired Total checkouts Full call number Barcode Date last seen Date last checked out Copy number Price effective from Koha item type
    Dewey Decimal Classification     GRACE BIBLE COLLEGE GRACE BIBLE COLLEGE Biblical Studies 2018-03-27 1 225.07 HAR 002048 2025-05-01 2018-04-25 c.1 2018-03-27 Books
© Grace Bible College Library 2025